00656nam a2200181Ia 4500008004100000020001500041041000800056082001600064100004000080245011800120250000600238260003900244300001400283440000600297650002200303999001900325952013000344210716s2003 xx 000 0 und d a8178089017 aeng a004.65 SCHD aSchmidt, Douglas;Huston, Stephen D. aC++ network programming: mastering complexity with ace and patterns.bMastering complexity with ace and patterns. a1 aNew DelhibPearson Educationc2003 axviii,350 v1 aComputer Networks c185504d185504 001040708MCAaAIMITbAIMITeSita Book Houseg250.00l0o004.65 SCHDpMCA05012r2025-07-21 00:00:00v212.50w2021-07-16yBK